000 00297nam a22001337a 4500
008 170131b xxu||||| |||| 00| 0 eng d
020 _a9780323024822
041 _aeng
080 _23RD
_a61
100 _a3
101 _aSHM
245 _aMANAGING CLIENT CARE
_cWYWIALOWSKI, E.F
942 _2udc
_cBK
999 _c4145
_d4145